| 000 | 00852nam a2200277Ia 4500 | ||
|---|---|---|---|
| 001 | Z_1989 | ||
| 003 | CHAP | ||
| 008 | 220113s1998 xx 000 0 und d | ||
| 010 | _a165061 | ||
| 040 | _cCHAP | ||
| 090 | _aTesis G 1270 | ||
| 100 |
_aGarcía García, Anibal _946018 |
||
| 245 |
_aNiveles óptimos biológico y económico de I. lisina en dietas para cerdos en crecimiento / _cpor Aníbal García García |
||
| 260 |
_aChapingo, Méx. : _bEl autor, _c1998 |
||
| 300 | _a93 h. | ||
| 502 | _aTesis (Maestro en Ciencias Especialista en Producción Animal) -- UACH. Departamento de Zootecnia | ||
| 650 |
_aGanado porcino _xAlimentación _945329 |
||
| 650 |
_aGanado porcino _xCrecimiento _945349 |
||
| 650 |
_aLisina _967083 |
||
| 901 | _aTESIS G 1270 | ||
| 902 | _aM | ||
| 910 | _a1998 | ||
| 942 | _c2 | ||
| 942 | _c2 | ||
| 999 |
_c165061 _d165061 |
||